=LDR 00000nam 2200000 4500 =001 INLIS000000000016272 =005 20130612111536 =008 ***********************************Ind** =035 ##$$0010-061300000016272 =041 ##$$a Ind =082 ##$$a 959.807 =090 ##$$a 959.807, Sud s =100 ##$$a Sudarwati, Minto =245 ##$$a Sejarah untuk SLTP, Berdasarkan kurikulum 1994, Minto Sudarwati, Arsad Soeparlan, Tiwick Supartijah =260 ##$$a 1996 $b [S.L] =300 ##$$a ...jil., ilus, 21 cm =650 ##$$a Sejarah =650 ##$$a Studi dan pengajaran =700 ##$$a Suparlan, Arsad =850 ##$$a NBPNMAT